| LEADER | 03160nam a2200469 a 4500 | ||
|---|---|---|---|
| 001 | vtls000043351 | ||
| 003 | VRT | ||
| 005 | 20161207152910.0 | ||
| 008 | 091109t2007 vm a 001 0 vie | | ||
| 039 | 9 | |a 200911231118 |b ktx | |
| 040 | |a TVBK |e AACR2 | ||
| 041 | |a vie | ||
| 082 | 0 | 4 | |a 895.922134 |b NG527TH |
| 100 | 1 | |a Nguyễn Thiên Sơn | |
| 245 | 1 | 0 | |a Buâng khuâng |c Nguyễn Thiên Sơn |b Thơ |
| 260 | |b Thuận Hóa |c 1997 |a Huế | ||
| 300 | |a 63 tr. |c 19 cm | ||
| 520 | |a v...v | ||
| 650 | 4 | |a Văn học | |
| 653 | |a Văn học hiện đại | ||
| 653 | |a Thế kỷ 20 | ||
| 653 | |a Việt Nam | ||
| 653 | |a Thơ | ||
| 900 | |a M11 D09 Y09 | ||
| 942 | |2 ddc |c STK0 | ||
| 949 | |6 0000002352 | ||
| 949 | |6 2009403120 | ||
| 949 | |6 2011404066 | ||
| 949 | |6 2011404019 | ||
| 999 | |c 4194 |d 4194 | ||
| 952 | |0 0 |1 0 |2 ddc |4 0 |6 895_922134000000000_NG527TH |7 0 |8 800 |9 42376 |a qbu |b qbu |c D5 |d 2014-12-18 |g 25000 |o 895.922134 NG527TH |p 3930.C1 |r 0000-00-00 |w 2014-12-18 |y STK0 |0 0 |6 895_922134000000000_NG527TH | ||
| 952 | |0 0 |1 0 |2 ddc |4 0 |6 895_922134000000000_NG527TH |7 0 |8 800 |9 42377 |a qbu |b qbu |c D5 |d 2014-12-18 |g 25000 |o 895.922134 NG527TH |p 3930.C2 |r 0000-00-00 |w 2014-12-18 |y STK0 |0 0 |6 895_922134000000000_NG527TH | ||
| 952 | |0 0 |1 0 |2 ddc |4 0 |6 895_922134000000000_NG527TH |7 0 |8 800 |9 42378 |a qbu |b qbu |c D5 |d 2014-12-18 |g 25000 |o 895.922134 NG527TH |p 3930.C3 |r 0000-00-00 |w 2014-12-18 |y STK0 |0 0 |6 895_922134000000000_NG527TH | ||
| 952 | |0 0 |1 0 |2 ddc |4 0 |6 895_922134000000000_NG527TH |7 0 |8 800 |9 42379 |a qbu |b qbu |c D5 |d 2014-12-18 |g 25000 |o 895.922134 NG527TH |p 3930.C4 |r 0000-00-00 |w 2014-12-18 |y STK0 |0 0 |6 895_922134000000000_NG527TH | ||
| 952 | |0 0 |1 0 |2 ddc |4 0 |6 895_922134000000000_NG527TH |7 0 |8 800 |9 42380 |a qbu |b qbu |c D5 |d 2014-12-18 |g 25000 |o 895.922134 NG527TH |p 3930.C5 |r 0000-00-00 |w 2014-12-18 |y STK0 |0 0 |6 895_922134000000000_NG527TH | ||
| 952 | |0 0 |1 0 |2 ddc |4 0 |6 895_922134000000000_NG527TH |7 0 |8 800 |9 42381 |a qbu |b qbu |c D5 |d 2014-12-18 |g 25000 |o 895.922134 NG527TH |p 3930.C6 |r 0000-00-00 |w 2014-12-18 |y STK0 |0 0 |6 895_922134000000000_NG527TH | ||
| 952 | |0 0 |1 0 |2 ddc |4 0 |6 895_922134000000000_NG527TH |7 0 |8 800 |9 42382 |a qbu |b qbu |c D5 |d 2014-12-18 |g 25000 |o 895.922134 NG527TH |p 3930.C7 |r 0000-00-00 |w 2014-12-18 |y STK0 |0 0 |6 895_922134000000000_NG527TH | ||
| 952 | |0 0 |1 0 |2 ddc |4 0 |6 895_922134000000000_NG527TH |7 0 |8 800 |9 42383 |a qbu |b qbu |c D5 |d 2014-12-18 |g 25000 |o 895.922134 NG527TH |p 3930.C8 |r 0000-00-00 |w 2014-12-18 |y STK0 |0 0 |6 895_922134000000000_NG527TH | ||
| 952 | |0 0 |1 0 |2 ddc |4 0 |6 895_922134000000000_NG527TH |7 0 |8 800 |9 42384 |a qbu |b qbu |c D5 |d 2014-12-18 |g 25000 |o 895.922134 NG527TH |p 3930.C9 |r 0000-00-00 |w 2014-12-18 |y STK0 |0 0 |6 895_922134000000000_NG527TH | ||
| 952 | |0 0 |1 0 |2 ddc |4 0 |6 895_922134000000000_NG527TH |7 0 |8 800 |9 42385 |a qbu |b qbu |c D5 |d 2014-12-18 |g 25000 |o 895.922134 NG527TH |p 3930.C10 |r 0000-00-00 |w 2014-12-18 |y STK0 |0 0 |6 895_922134000000000_NG527TH | ||
| 952 | |0 0 |1 0 |2 ddc |4 0 |6 895_922134000000000_NG527TH |7 0 |8 800 |9 42386 |a qbu |b qbu |c D5 |d 2014-12-18 |g 25000 |o 895.922134 NG527TH |p 3930.C11 |r 0000-00-00 |w 2014-12-18 |y STK0 |0 0 |6 895_922134000000000_NG527TH | ||
| 952 | |0 0 |1 0 |2 ddc |4 0 |6 895_922134000000000_NG527TH |7 0 |8 800 |9 42387 |a qbu |b qbu |c D5 |d 2014-12-18 |g 25000 |o 895.922134 NG527TH |p 3930.C12 |r 0000-00-00 |w 2014-12-18 |y STK0 |0 0 |6 895_922134000000000_NG527TH | ||